000 00431nam a22001217a 4500
999 _c9805
_d9805
003 OSt
008 201203b ||||| |||| 00| 0 eng d
245 _aJournal of Entrepreneurship and Management
250 _a2013(Feb Vol.2 No.1, Jun Vol.2 No.2, Oct Vol.2 No.3) 2014(Feb Vol.3 No.1, Jun Vol.3 No.2, Oct Vol.3 No.3)
260 _aNew Delhi
_bA Peer Reviewed journal of Publishing India Group
650 _aManagement
942 _2ddc
_cBV